00578nam a2200169Ia 450000500170000000800410001702000150005808200130007310000140008624500460010026000450014630000120019150000860020394200060028995200980029599900150039320250321085729.0240331s9999 xx 000 0 und d a8120600215 bPOPa894 aPope, G.U 4aThe sacred kurral of thiruvalluva-nayanar aMadrasbAsian Educational Servicesc1990 a80 p ., aTiruvalluva - nayanar with Indrouction, translation notes lexicon and concordance cL 001040708LaWERCLbWERCLcSSCd2024-03-31l0o 894.811 POPp597r2024-03-31w2024-03-31yL c4117d4117